LEADER 02490nam a2200361 4500 001 000000342085 003 CaOOAMICUS 005 20200916112136.0 008 200916s1664 fr 000 u lat r 026 $ae-is isi* umij 2520 (C) 1664 (R) 040 $aSeMil$bita 130 0 $aBibbia.$0(OLS)http://semarc/title/402691 245 00$aSacrorum Bibliorum vulgate editionis concordantiae, auctore Hugone Cardinali ... bibliis adhibitam recensitae atque emendatae. Primum a Francisco Luca ... deinde correctorum parisiensium, necnon & plantinianorum industria: Et nunc demům innumeris locis in hac editione Lugdunensi expurgatae, & ... collatae. 246 0 $iTitolo dell'occhietto$aSacrorum Bibliorum concordantiae 264 1$aLugduni :$bSumptibus Antonii Iullieron, in vico Racemi, sub signo duarum Viperarum,$c1664$e(Lugduni :$fex typographia Antonii Iullieron,$g1663) 300 $a[656] c. ;$c4° 500 $aTesto su tre colonne 500 $aIniziali xilogr. 500 $aStemma calcogr. a c. ?3r 500 $aMarca calcogr. su front. stampato in rosso e nero (Due vipere una delle quali morde la testa dell'altra, formando due cerchi concentrici, al centro dei quali č inciso il motto: Quod tibi fieri non vis alteri ne feceris. Ai lati due leoni. (Repertorio consultato: Marques d'impressors, catalogo online, Univ. di Barcellona) 500 $aSegn.: ?? A-4M? 4N? (4N? bianca) 541 0 $aFondo card. Giovanni Colombo 650 4$aBibbia - Vulgata - Concordanze.$0(OLS)http://semarc/subject/2122 700 1 $aLucas, Franciscus,$d<1549-1619>.$0(OLS)http://semarc/name/13747 710 0 $aJullieron, Antoine$d<1646-1701>,$eeditore.$0(OLS)http://semarc/name/112115 752 $afr$dLione 850 $aSeMil 852 $aSeMil$W1$xVenegono$y1$m2V III 77 FA$j221530$B233100$CSeMilBibl$Z2$F233100 $8I 941 1 $a3 996 $6245$aSacrorum Bibliorum vulgate editionis concordantiae, auctore Hugone Cardinali ... bibliis adhibitam recensitae atque emendatae. Primum a Francisco Luca ... deinde correctorum parisiensium, necnon & plantinianorum industria: Et nunc demům innumeris locis in hac editione Lugdunensi expurgatae, & ... collatae$9(OLS)http://semarc/title/430962 996 $6246$aSacrorum Bibliorum concordantiae$9(OLS)http://semarc/title/430963 996 $6264$aLugduni :$bSumptibus Antonii Iullieron, in vico Racemi, sub signo duarum Viperarum$9(OLS)http://semarc/publisher/59302 LEADER 00959nam a2200241 i 4500 001 000000190095 003 CaOOAMICUS 005 20100528000000.0 008 100528s1982 it u000 u ita u 013 $a168448 040 $aSeMil$bita 100 1 $aGennaro, Clara.$0(OLS)http://semarc/name/54695 245 10$aFrancesco d'Assisi /$cClara Gennaro. 260 $aBrescia :$bQueriniana,$ccopyr. 1982. 300 $a220 p. ;$c22 cm. 490 0 $aDipartimento di scienze religiose ;$v17 500 $aContiene : Bibliografia. 600 04$aFrancesco : d'Assisi .$0(OLS)http://semarc/subject/1416 830 0$aDipartimento di scienze religiose ;$v17.$0(OLS)http://semarc/title/6145 850 $aSeMil 852 $aSeMil$W1$xVenegono$y1$m3H II 274$j140724$B140724$CSeMilBibl$Z2$F152295 $81 996 $6245$aFrancesco d'Assisi$9(OLS)http://semarc/title/49827 996 $6260$aBrescia :$bQueriniana$9(OLS)http://semarc/publisher/29615